000 00606nam a2200217Ia 4500
003 OSt
005 20220926042928.0
006 a|||||r|||| 00| 0
007 ta
008 220923b |||||||| |||| 00| 0 eng d
037 _cGeneral Book
040 _aRTL
_cRTL
_beng
041 _2eng
_aeng
082 _aX9(J):75.41.N62<-N56, K5
100 _aWaler Kenneth R
_9346962
245 0 _aPlanning in Chinese agriculture
_b Socialisation an
260 _c1965
650 _aPlanning
942 _hX9(J):75.41.N62<-N56, K5
_cGB
_2CC
999 _c670950
_d670950